000 00379nam a2200145Ia 4500
008 231129s2002||||xx |||||||||||||| ||spa||
020 _a84-08-04173-8
040 _bspa
082 _aE863 G633b
100 _aGómez Rufo Antonio
245 0 _aBruto: La leyenda del falso traidor
260 _c2002
264 _aPlaneta
942 _2ddc
_cBKS
999 _c6361
_d6361